000 00837nam a22002057a 4500
999 _c16823
_d16823
003 AR-CdUCM
008 190506b ||||| |||| 00| 0 spa d
040 _aMUNICIPALIDAD PROVINCIAL DEL CUSCO
_cBIBLIOTECA MUNICIPAL DEL CUSCO
082 _a173.5 /
_bS58
100 _aSilva de Santolalla, Irene
_97747
245 _aHacia un mundo mejor /
260 _aCallao :
_bColegio militar "Leoncio Prado",
_c1957.
300 _a204 páginas ;
_c20.5 cm.
505 _aContenido: La introducción sin base moral pervierte a los pueblos -- Madre y maestro, factores esenciales de armonía y perfección -- educar a la mujer es perfeccionar al hombre -- El bienestar de la familia...
650 _aRelaciones familiares
_917474
650 _aMujeres
_93760
650 _aPadres e hijos
_98978
942 _2ddc
_cLIBROS
945 _aacv
_d2019-05-06